000 00723cam a2200217 a 4500
001 000008443
005 20200929161337.0
008 970313s1995 pr a 001 0 spa
020 _a1563281066
040 _aDO-SdBNP
_cDLC
082 _aPR863.44
_bR621m
100 1 _aRivera, Félix Joaquín,
_d1953-
_922728
245 1 3 _aLa muñeca de chocolate /
_cFélix Joaquín Rivera.
260 _aRío Piedras, Puerto Rico :
_bPlaza Mayor,
_c1995.
300 _a192 p. :
_bil. ;
_c21 cm.
490 1 _aBiblioteca de Autores de Puerto Rico
650 4 _aNovela puertorriqueña
_91185
650 4 _aLiteratura puertoriqueña
_96540
830 0 _aBiblioteca de Autores de Puerto Rico
_99722
910 _aCatalogación por copia / LC
999 _c8214
_d8214